000 00499nam a2200181Ia 4500
005 20250508152444.0
008 008 250505s9999 xx 000 0 eng d
037 _aTextual
040 _aFEDL
_beng
_cFEDL
041 _aeng
_2eng
084 _a338.9, COM
_qFEDL
245 0 _aEleventh year of freedom 1957-58
260 _aNew Delhi, India
_bAll India Congress Committee
300 _axlix,436p
650 _aEconomics
942 _cTEXL
_h338.9, COM
999 _c1336525
_d1336525